000 00614cam a22001934a 4500
005 20250605164216.0
008 250528s ||||||||||||||||||||||||d
035 _a20478
040 _aGR-AtMCL
_bgre
_dGR-AtMCL
_eAACR2
245 1 _aOthello / William Shakespeare
260 _bPenguin Books,
_c1982
300 _a240
505 0 _aIntroduction, Further Reading, Othello, Commentary, An Account of the Text, The Songs.
520 _aIntroduction, Further Reading, Othello, Commentary, An Account of the Text, The Songs.
700 1 _aMuir Kenneth
_96460
942 _cBK
999 _c5582
_d5582